Quaternion Algebras (Record no. 7778)

MARC details
000 -LEADER
fixed length control field 00970nam a2200121Ia 4500
008 - FIXED-LENGTH DATA ELEMENTS--GENERAL INFORMATION
fixed length control field 220615s9999||||xx |||||||||||||| ||und||
100 ## - MAIN ENTRY--PERSONAL NAME
Personal name Voight, John
245 #0 - TITLE STATEMENT
Title Quaternion Algebras
546 ## - LANGUAGE NOTE
Language note English[eng]
650 ## - SUBJECT ADDED ENTRY--TOPICAL TERM
Topical term or geographic name entry element Associative Rings and Algebras||Group Theory and Generalizations||Number Theory||Open Access||Quaternions||Quaternion algebras||Quaternion orders||Quaternion ideals||Noncommutative algebra||Quaternions and quadratic forms||Ternary quadratic forms||Simple algebras and involutions||Lattices and integral quadratic forms||Hurwitz order||Quaternion algebras over local fields||Quaternion algebras over global fields||Adelic framework||Idelic zeta functions||Quaternions hyperbolic geometry||Quaternions arithmetic groups||Quaternions arithmetic geometry||Supersingular elliptic curves||Abelian surfaces with QM||Algebra||Groups & group theory
856 ## - ELECTRONIC LOCATION AND ACCESS
Uniform Resource Identifier <a href="https://library.oapen.org/bitstream/20.500.12657/50018/1/978-3-030-56694-4.pdf">https://library.oapen.org/bitstream/20.500.12657/50018/1/978-3-030-56694-4.pdf</a>
942 ## - ADDED ENTRY ELEMENTS (KOHA)
Koha item type E-Books
Holdings
Withdrawn status Lost status Damaged status Not for loan Home library Current library Date acquired Total Checkouts Date last seen Price effective from Koha item type
        Kerala University of Digital Sciences, Innovation and Technology Knowledge Centre Kerala University of Digital Sciences, Innovation and Technology Knowledge Centre 15/06/2022   15/06/2022 15/06/2022 E-Books